000 00501nam a2200181Ia 4500
008 090123s9999 xx 000 0 und d
082 _b31605
100 _aकरंदिकर सुमा
245 _aजिद्द
250 _a1
260 _bपरचुरे प्रकाशन
_c2000
300 _a168
600 _aकरंदिकर सुमा
630 _aजिद्द
700 _aकरंदिकर सुमा
730 _aजिद्द
942 _cBOOK
999 _c69664
_d69664